Converted Places of Worship - Statistics

General Stats
  • This quiz has been taken 22 times
  • The average score is 15 of 18
Answer Stats
Answer % Correct
Christianity
95%
Islam
95%
Islam
90%
Roman Polytheism
90%
Christianity
85%
Christianity
85%
Christianity
85%
Christianity
85%
Islam
85%
Islam
85%
Islam
85%
Buddhism
80%
Islam
80%
Judaism
80%
Buddhism
75%
Hinduism
75%
Hinduism
75%
Sikhism
60%
No matching quizzes found
Score Distribution
Percent of People with Each Score
Percentile by Number Answered
Your Score History
You have not taken this quiz